000 01138cam a2200241 4500
008 080905n mx a 000 0bspa u
020 _a9703503950
035 _aa472500
245 1 3 _aLa Materia del arte :
_bJosé María Velazco y Hermenegildo Bustos.
250 _a1a ed.
260 _aMéxico :
_bCONACULTA :
_bMuseo Nacional de Arte :
_bUNAM, Instituto de Investigaciones Estéticas,
_c2004
300 _a129 p. :
_bil. ;
_c22 cm.
500 _aExposición La materia del Arte. José María Velasco y Hermenegildo Bustoas presentada en el Museo Nacional de Arte, junio 15-octubre 3, 2004
590 _aDonación: UNAM, Instituto de Investigaciones Estéticas
600 1 _aVelasco, José María,
_d1840-1912
_vExposiciones
600 1 _aVelasco, José María, 1d1840-1912
_xCrítica e interpretación
600 1 _aBustos, Hermenegildo,
_d1832-1907
_vExposiciones
600 1 _aBustos, Hermenegildo, 1d1832-1907
_xCrítica e interpretación
650 4 _aPintura moderna
_dSiglo XIX
_zMéxico
_vExposiciones
710 1 _aMéxico. Instituto Nacional de Bellas Artes
942 _2lcc
_cLIB
999 _c71582
_d71582